1374 1632 1827 1286 1738 1930 1897 1789 1533 1427 1001 1203 1389 1123 1447 1100 1478 1065 1846 1414 1371 1429 1559 1187 1528 1820 1181 1502 1980 1787 1680 1248 1620 1464 1666 1049 1221 1304 1696 1872 1106 1754 1713 1859 1882 1119 1533 1721 1682 1618 1062 1384 1146 1062 1180 1066 1625 1574 1077 1029 1078 1521 1516 1764 1426 1545 1049 1772 1618 1038 1769 1083 1926 1731 1091 1962 1910 1781 1725 1624 1927 1640 1097 1172 1245 1513 1315 1408 1255 1243 1899 1516 1687 1233 1842 1563 1026 1744 1614 BCNSPRNW ULIB Ver.6.0+V

เปลี่ยนเป็นภาษาไทย

Change to English
 แสดงรายละเอียดบรรณานุกรม
  กลับหน้าหลัก

Brief Record : Get Marc (ISO 2709) : E-mail record : QR code < ปิดหน้าต่าง
LEADER : 00000nam 2200000uu 4500
001    13399127127
003     ULIB
008    020711s2020 th a 000 0 eng d
020    ^a9781118862681
060    ^aWB39^bJ59M
100    ^aJevon, Philip and Odogwu, Steve
245    ^aMedical Student Survival Skills: History Taking and Communication Skills
250    ^a1st ed
260    ^aHoboken, NJ :^bWiley Blackwell,^c2020
300    ^a258 pages;^b21 cm
650    ^aMedical History Taking-methods
650    ^aProfessional-Patient Relations
945    ^p1060^l0^i006317
999    ^aประนอม เกษจรัล
รายการนี้ยังไม่มีแท็ก
คุณยังไม่ได้ล็อกอิน คุณสามารถมีกิจกรรมร่วมกับเว็บไซต์ได้ แต่ต้องล็อกอินก่อน ::
  ล็อกอิน

รายการสื่อสารสนเทศ

ลำดับที่ ประเภท เลขเรียก/บาร์โค้ด สถานที่ สถานะ
1. วิทยาศาสตร์การแพทย์ และสุขภาพ
วิทยาศาสตร์การแพทย์ และสุขภาพ
WB39 J59M ฉ.1 
  Barcode: 006317
ห้องสมุดวิทยาเขตสวรรค์ประชารักษ์
►หนังสือทั่วไป
บนชั้น

รายการใกล้เคียง
    หัวเรื่อง [Medical History Taking-methods]
    หัวเรื่อง [Professional-Patient Relations]

BibComment


ยังไม่เคยถูกคอมเมนท์

คอมเมนท์ทรัพยากรรายการนี้
  คอมเมนท์: Medical Student ..


 Copyright 2026. Bcnsprnw @Library